STATE OF THE ART IN INTRUSION / (Record no. 588004)

000 -LEADER
fixed length control field 00332nam a22001337a 4500
020 ## - INTERNATIONAL STANDARD BOOK NUMBER
Qualifying information PB.
040 ## - CATALOGING SOURCE
Transcribing agency FIZZA ISHAQ
082 ## - DEWEY DECIMAL CLASSIFICATION NUMBER
Classification number 005.8
Author Mark ALS
100 ## - MAIN ENTRY--PERSONAL NAME
Personal name PATHAN,KHAN SAKIB AL.
9 (RLIN) 89191
245 ## - TITLE STATEMENT
Title STATE OF THE ART IN INTRUSION /
Statement of responsibility, etc. AL SAKIB KHAN PATHAN.
260 ## - PUBLICATION, DISTRIBUTION, ETC.
Place of publication, distribution, etc. CRC PRESS ;
Date of publication, distribution, etc. 2014.
300 ## - PHYSICAL DESCRIPTION
Extent 496 P. ;
942 ## - ADDED ENTRY ELEMENTS (KOHA)
Source of classification or shelving scheme
Koha item type Book
Holdings
Withdrawn status Lost status Source of classification or shelving scheme Damaged status Not for loan Permanent Location Current Location Date acquired Total Checkouts Full call number Barcode Date last seen Price effective from Koha item type
          NUST Baluchistan Campus (NBC) NUST Baluchistan Campus (NBC) 02/18/2022   005.8 ALS Q-2443 02/18/2022 02/18/2022 Book
© 2023 Central Library, National University of Sciences and Technology. All Rights Reserved.